000 00290nam a22001337a 4500
008 180905b xxu||||| |||| 00| 0 eng d
020 _a9780618220267
041 _aeng
080 _24 ED
_a510
100 _a37
101 _aMAT
245 _aCollege Algebra
_cLarson.h
942 _2udc
_cBK
999 _c47548
_d47548